Multiple Choice City Quiz – Bangkok - Statistics

General Stats
  • This quiz has been taken 13,658 times
    13,643 since last reset
  • The average score is 6 of 10
Answer Stats
Question Answer % Correct
What religion do 93% of people in Bangkok belong to? Buddhism
95%
What is Bangkok known as in its own language? Krung Thep
79%
Which of the following modes of transportation is Bangkok famous for? Tuk tuks
79%
Other than football, what is Bangkok’s main spectator sport? Kickboxing
68%
Among all cities in the world in 2024, Bangkok ranked #1 in ... Most international tourist arrivals
63%
Which of these beverages is based on a drink introduced in Thailand in 1976? Red Bull
60%
What European power colonized Bangkok in the 19th century? None
53%
What river flows through Bangkok? Chao Phraya
49%
What famous temple is located in Bangkok? Wat Arun
43%
Until around 1950, more than half of Bangkok's population consisted of ... Chinese people
28%
No matching quizzes found
Score Distribution
Percent of People with Each Score
Percentile by Number Answered
Your Score History
You have not taken this quiz since the last reset